000 00507cam a2200205ua 4500
001 8342
008 150128n ii |||gr||||Z||||||asm
020 _a8173393397
040 _cMAIN
041 _aasm
082 _a491.451
100 _aKonwar, A.,
_eAuthor.,
245 1 _aBhasa vijanan upakramanika
_cBy Arpana Konwar
250 _a3rd.
260 _aDibrugarh:
_bBanalata,
_c2012.
300 _a258p.
653 _aEast Indo-European & Celtic languages
653 _aAssamese language
942 _cBK
999 _c7453
_d7453